[Event "Caribbean Carnival U20"]
[Site "Port of Spain"]
[Date "2015.08.11"]
[Round "5.3"]
[White "Johnson, Gabriella"]
[Black "Richards, Allon"]
[Result "0-1"]
[WhiteElo "1658"]
[BlackElo "1771"]
[PlyCount "76"]
[EventDate "2015.08.09"]
[EventType "swiss"]
[EventRounds "7"]
[EventCountry "TRI"]
[SourceTitle "EXT 2024"]
[Source "ChessBase"]
[SourceDate "2023.10.10"]
[SourceVersion "1"]
[SourceVersionDate "2023.10.10"]
[SourceQuality "1"]

1. e4 c5 2. Nf3 e6 3. d4 cxd4 4. Nxd4 a6 5. Nc3 b5 6. Bd3 Bb7 7. a4 b4 8. Nce2 d6 9. Be3 Nf6 10. f3 Nbd7 11. Qd2 d5 12. exd5 Nxd5 13. Bf2 Be7 14. 0-0 0-0 15. Rfe1 Rc8 16. f4 Nc5 17. Bg3 Bf6 18. Kh1 Nxf4 19. Bxf4 e5 20. Bf5 Ra8 21. Qxb4 Qd5 22. Nf3 exf4 23. Rad1 Qxf5 24. Rf1 Rab8 25. Qa3 Bxf3 26. Qxf3 Nxa4 27. b3 Nb6 28. Nxf4 Bg5 29. Qg3 Bxf4 30. Rxf4 Qxc2 31. Rdf1 Rbc8 32. h3 Rc3 33. Qg5 Qg6 34. Qa5 Rxb3 35. Qa1 Rg3 36. R1f2 Nd5 37. R4f3 Rxf3 38. Rxf3 Rb8 0-1

[Event "Caribbean Carnival U20"]
[Site "Port of Spain"]
[Date "2015.08.10"]
[Round "3.6"]
[White "Richards, Allon"]
[Black "Mahtani, Nitin"]
[Result "1-0"]
[WhiteElo "1771"]
[BlackElo "1437"]
[PlyCount "75"]
[EventDate "2015.08.09"]
[EventType "swiss"]
[EventRounds "7"]
[EventCountry "TRI"]
[SourceTitle "EXT 2024"]
[Source "ChessBase"]
[SourceDate "2023.10.10"]
[SourceVersion "1"]
[SourceVersionDate "2023.10.10"]
[SourceQuality "1"]

1. e4 c6 2. d4 d5 3. f3 e6 4. Nc3 Bb4 5. Bf4 Nf6 6. Qd3 dxe4 7. fxe4 Nbd7 8. 0-0-0 Qa5 9. Nge2 0-0 10. h3 Rd8 11. g4 b6 12. Qf3 Ba6 13. Kb1 Bxe2 14. Nxe2 Nc5 15. a3 Bxa3 16. Qxa3 Qxa3 17. bxa3 Ncxe4 18. Rg1 Nd5 19. Bd2 c5 20. Bg2 Nxd2+ 21. Rxd2 Rac8 22. Bxd5 Rxd5 23. Rgd1 Rcd8 24. Kc1 cxd4 25. Rxd4 Rxd4 26. Rxd4 Rxd4 27. Nxd4 Kf8 28. Kd2 Ke8 29. Nb5 a6 30. Nc7+ Ke7 31. Nxa6 Kf6 32. Ke3 Ke5 33. Nb8 b5 34. Nc6+ Kd6 35. Nd4 Kc5 36. Ke4 Kc4 37. Nc6 Kc5 38. Nd8 1-0